[Event "TUR-chT2"]
[White "Turan, Asim"]
[Black "Karakurt, Fahri"]
[Site "Konya"]
[Round "9.2"]
[Result "1/2-1/2"]
[Date "2017.07.15"]
[WhiteElo "1996"]
[BlackElo "1885"]
[PlyCount "62"]
[EventDate "2017.07.09"]
[EventType "team-swiss"]
[EventRounds "9"]
[EventCountry "TUR"]
[SourceTitle "CBM 179 Extra"]
[Source "ChessBase"]
[SourceDate "2017.08.23"]
[SourceVersion "1"]
[SourceVersionDate "2017.08.23"]
[SourceQuality "1"]
[WhiteTeam "Pendik Dernegi"]
[BlackTeam "Masal Diyari"]
[WhiteTeamCountry "TUR"]
[BlackTeamCountry "TUR"]

1. d4 d5 2. c4 c6 3. Nf3 Nf6 4. g3 g6 5. Bg2 Bg7 6. 0-0 0-0 7. Nbd2 b6 8. b3 Bb7 9. Bb2 Re8 10. Qc2 Nbd7 11. e4 dxe4 12. Nxe4 Nxe4 13. Qxe4 Nf6 14. Qc2 Rc8 15. Ne5 Nd7 16. Rad1 Nxe5 17. dxe5 Qc7 18. Rfe1 Rcd8 19. f4 Rxd1 20. Rxd1 Rd8 21. h3 Rxd1+ 22. Qxd1 c5 23. Bxb7 Qxb7 24. Qd3 e6 25. Bc3 Bf8 26. Bb2 Bg7 27. Bc3 Bf8 28. Bb2 Bg7 29. Bc3 Bf8 30. Bb2 Bg7 31. Bc3 Bf8 1/2-1/2

[Event "TUR-chT2"]
[White "Ozalp, Burak"]
[Black "Turan, Asim"]
[Site "Konya"]
[Round "4.1"]
[Result "1/2-1/2"]
[Date "2017.07.11"]
[WhiteElo "2148"]
[BlackElo "1996"]
[PlyCount "114"]
[EventDate "2017.07.09"]
[EventType "team-swiss"]
[EventRounds "9"]
[EventCountry "TUR"]
[SourceTitle "CBM 179 Extra"]
[Source "ChessBase"]
[SourceDate "2017.08.23"]
[SourceVersion "1"]
[SourceVersionDate "2017.08.23"]
[SourceQuality "1"]
[WhiteTeam "Ankara DSI Genclik"]
[BlackTeam "Pendik Dernegi"]
[WhiteTeamCountry "TUR"]
[BlackTeamCountry "TUR"]

1. e4 c6 2. d4 d5 3. e5 Bf5 4. Nf3 e6 5. Be2 Nd7 6. 0-0 Ne7 7. Nh4 Bg6 8. Nd2 c5 9. c3 Nc6 10. Nxg6 hxg6 11. Nf3 Be7 12. Be3 a6 13. Rc1 b5 14. a4 c4 15. b4 Nb6 16. a5 Nd7 17. Qd2 Nf8 18. g3 Nh7 19. h4 Qd7 20. Kg2 0-0-0 21. Rh1 f6 22. Bf4 Rdf8 23. Rce1 Nd8 24. Bd1 Qe8 25. Bc2 f5 26. Rh2 Nf7 27. Reh1 Rfg8 28. Kf1 Qd8 29. Ke2 Nh6 30. Rh3 Ng4 31. Ng5 Nxg5 32. Bxg5 Nh6 33. Bxe7 Qxe7 34. f3 Rf8 35. Qf4 Kd7 36. R1h2 Kc8 37. Kd2 Kc7 38. Kc1 Kc8 39. Qg5 Qxg5+ 40. hxg5 Nf7 41. Rh7 Rfg8 42. f4 Kd8 43. g4 Ke7 44. gxf5 exf5 45. Bd1 Ke6 46. Bf3 Rxh7 47. Rxh7 Nd8 48. Kd2 Nf7 49. Ke3 Nd8 50. Be2 Nf7 51. Bf3 Nd8 52. Kf2 Nf7 53. Kg3 Nd8 54. Bg2 Nc6 55. Rh1 Ne7 56. Rh2 Nc6 57. Bf3 Ne7 1/2-1/2

[Event "TUR-chT2"]
[White "Turan, Asim"]
[Black "Tayhan, Nart Murat"]
[Site "Konya"]
[Round "3.5"]
[Result "1-0"]
[Date "2017.07.10"]
[WhiteElo "1996"]
[BlackElo "1714"]
[PlyCount "59"]
[EventDate "2017.07.09"]
[EventType "team-swiss"]
[EventRounds "9"]
[EventCountry "TUR"]
[SourceTitle "CBM 179 Extra"]
[Source "ChessBase"]
[SourceDate "2017.08.23"]
[SourceVersion "1"]
[SourceVersionDate "2017.08.23"]
[SourceQuality "1"]
[WhiteTeam "Pendik Dernegi"]
[BlackTeam "Genclik Merkezi Genc"]
[WhiteTeamCountry "TUR"]
[BlackTeamCountry "TUR"]

1. d4 Nf6 2. c4 e6 3. Nf3 b6 4. g3 Ba6 5. b3 Bb4+ 6. Bd2 Be7 7. Bg2 c6 8. 0-0 d5 9. Bc3 Nbd7 10. Nfd2 0-0 11. e4 dxe4 12. Nxe4 Nxe4 13. Bxe4 Bb7 14. Qe2 Nf6 15. Bg2 Qc7 16. Nd2 Rad8 17. Rfe1 Rfe8 18. Rad1 c5 19. Nf3 Ne4 20. Bb2 cxd4 21. Nxd4 Nc5 22. Nb5 Qb8 23. Be5 Qc8 24. Nxa7 Qa8 25. Bxb7 Qxb7 26. Nb5 f6 27. Bd6 Rd7 28. b4 Na6 29. Qxe6+ Kf8 30. Rd4 1-0

[Event "Ankara Baskent Univ op 2nd"]
[White "Yeke, Serkan"]
[Black "Turan, Asim"]
[Site "Ankara"]
[Round "4"]
[Result "1/2-1/2"]
[Date "2017.07.02"]
[WhiteElo "2100"]
[BlackElo "1996"]
[PlyCount "79"]
[EventDate "2017.06.30"]
[EventType "swiss"]
[EventRounds "9"]
[EventCountry "TUR"]
[SourceTitle "CBM 179 Extra"]
[Source "ChessBase"]
[SourceDate "2017.08.23"]
[SourceVersion "1"]
[SourceVersionDate "2017.08.23"]
[SourceQuality "1"]

1. Nf3 d5 2. g3 Nf6 3. Bg2 e6 4. 0-0 Be7 5. d3 0-0 6. Nbd2 c5 7. e4 Nc6 8. Re1 b6 9. e5 Ne8 10. Nf1 Bb7 11. h4 Nc7 12. N1h2 Bc8 13. Ng4 f5 14. exf6 Bxf6 15. c3 Ne8 16. h5 h6 17. Bf4 Nd6 18. Nge5 Nxe5 19. Nxe5 Bxe5 20. Bxe5 Nf7 21. f4 Nd6 22. c4 Nf5 23. Qg4 Bb7 24. Re2 Qd7 25. Rae1 Rad8 26. Bc3 d4 27. Bd2 Bxg2 28. Kxg2 Rde8 29. Qh3 Rf6 30. g4 Nd6 31. Kg1 Kh8 32. Rg2 Qf7 33. Qg3 Qf8 34. Rge2 Qf7 35. Qg2 Qd7 36. b3 a6 37. a4 a5 38. Kh2 Qc8 39. Kh1 Qd7 40. Kh2 1/2-1/2

[Event "Ordu op-A 3rd"]
[White "Malakhatko, Vadim"]
[Black "Turan, Asim"]
[Site "Ordu"]
[Round "1"]
[Result "1-0"]
[Date "2017.04.04"]
[WhiteElo "2497"]
[BlackElo "2040"]
[PlyCount "73"]
[EventDate "2017.04.04"]
[EventType "swiss"]
[EventRounds "9"]
[EventCountry "TUR"]
[SourceTitle "CBM 177 Extra"]
[Source "ChessBase"]
[SourceDate "2017.04.27"]
[SourceVersion "1"]
[SourceVersionDate "2017.04.27"]
[SourceQuality "1"]

1. c4 e5 2. e3 Nf6 3. Nc3 Be7 4. Nf3 Nc6 5. a3 a5 6. Qc2 0-0 7. Be2 d5 8. cxd5 Nxd5 9. 0-0 Be6 10. Bb5 Bf6 11. Ne4 Bf5 12. Bxc6 bxc6 13. d3 Bxe4 14. dxe4 Ne7 15. Bd2 Qd7 16. Rfd1 Qe6 17. Rac1 Rfb8 18. Be1 g5 19. Nd2 Ra6 20. Qc4 Qxc4 21. Nxc4 a4 22. Rd7 Rb7 23. Ba5 Raa7 24. Bb4 Ng6 25. Na5 Rb5 26. Nxc6 Rab7 27. Na5 Rxb4 28. axb4 Rxb4 29. Nc4 Rb7 30. Rd5 Nf8 31. Ra5 Rb4 32. h3 Nd7 33. Rc2 Be7 34. Ra7 Nc5 35. Rxc7 Bf8 36. Nxe5 Nxe4 37. R7c4 1-0

[Event "Istanbul op"]
[White "Nuri, Murad Kamil Oglu"]
[Black "Turan, Asim"]
[Site "Istanbul"]
[Round "2"]
[Result "1-0"]
[Date "2016.08.30"]
[WhiteElo "2296"]
[BlackElo "1942"]
[PlyCount "123"]
[EventDate "2016.08.29"]
[EventType "swiss"]
[EventRounds "9"]
[EventCountry "TUR"]
[SourceTitle "CBM 174 Extra"]
[Source "ChessBase"]
[SourceDate "2016.10.10"]
[SourceVersion "1"]
[SourceVersionDate "2016.10.10"]
[SourceQuality "1"]

1. d4 Nf6 2. Nf3 g6 3. c4 Bg7 4. Nc3 0-0 5. e4 d6 6. Be2 Nbd7 7. Bg5 c6 8. 0-0 Qc7 9. Rc1 Re8 10. Qc2 e5 11. d5 Nf8 12. Ne1 h6 13. Be3 g5 14. f3 Ng6 15. g3 Bd7 16. Qd2 Rad8 17. Nd3 Bh3 18. Rf2 c5 19. Qd1 Qd7 20. Bf1 Bxf1 21. Rxf1 Nh7 22. Nf2 Rf8 23. g4 Nf4 24. Nh1 Nh3+ 25. Kg2 Nf4+ 26. Kg1 Nh3+ 27. Kg2 Nf4+ 28. Kf2 Nh3+ 29. Ke1 a6 30. a4 Qc7 31. Ng3 Qb6 32. Qc2 Qb4 33. Bd2 Qb6 34. Nf5 Nf6 35. Nd1 Rfe8 36. Nf2 Nf4 37. Rh1 Qc7 38. a5 b5 39. axb6 Qxb6 40. Ra1 Rb8 41. Bc3 h5 42. gxh5 N6xh5 43. Rg1 f6 44. Kd2 Kh7 45. Qa4 Ra8 46. Ra3 Reb8 47. h4 Qd8 48. Ng4 Kg6 49. Raa1 Bf8 50. Rh1 Rb7 51. Rh2 Rab8 52. Kc2 Rb4 53. Bxb4 Rxb4 54. Qxa6 Qb8 55. Ra2 Rb3 56. Kb1 Qb4 57. Qa4 Qe1+ 58. Kc2 Rb8 59. Ra1 Qb4 60. Qxb4 Rxb4 61. b3 gxh4 62. Ra8 1-0